| 000 | 00607nam a2200217Ia 4500 | ||
|---|---|---|---|
| 001 | b519-23900 [2718] | ||
| 003 | IT-MiCISF | ||
| 005 | 20260206101456.0 | ||
| 008 | 161014s9999||||xx |||||||||||||| ||und|| | ||
| 040 |
_aIT-MiCISF _cIT-MiCISF |
||
| 041 | _ait | ||
| 100 |
_aUcipem _956670 |
||
| 245 | 0 |
_aAtti del IV Congresso nazionale. _bRecoaro 30 maggio - 2 giugno 1975 |
|
| 260 |
_a Roma, _bUcipem, _c1975 |
||
| 300 | _app. 115 | ||
| 500 | _a / consulenza, tecniche-di-consulenza, consulenti, case-studies / | ||
| 650 | _aConsulenza-familiare | ||
| 654 | _aatti | ||
| 942 |
_cBK _2ddc |
||
| 999 |
_c211985 _d211985 |
||
| 999 | _bsi | ||